000 00305nam a22001337a 4500
008 181106b xxu||||| |||| 00| 0 eng d
020 _a0433233001
041 _aeng
080 _23rd
_a617
100 _a5
101 _aKIR
245 _aThe Essentials of Paediatric Surgery
_cNixon,H
942 _2udc
_cBK
999 _c51938
_d51938